000 00726nam a22002177a 4500
999 _c10462
_d10462
008 180830b ||||| |||| 00| 0 eng d
020 _a978-1-337-69101-7
082 _22019
_aDC 332.22
_bM473
100 _930722
_aMayo, Herbert B.
245 _aBasic finance : an introduction to financial institutions, investments, and management /
_cHerbert B. Mayo
250 _aTwelve Edition
260 _aAustralia :
_bCengage Learning
_c©2019.
300 _axxi, 580 pages ;
_b25 cm.
500 _aIncludes appendix and index.
650 0 _930726
_aFinance
650 0 _930727
_aMoney
650 0 _930728
_aBanks and banking
650 0 _930729
_aBusiness enterprises -- Finance
365 _b8,500.00
_cPhp.
942 _2ddc
_cDC